000 00792cam a22002531 4500
001 gs 56000137
003 DLC
005 20260227111404.0
008 780627s1956 dcubd b f000 0 eng
010 _ags 56000137
035 _a(OCoLC)4011685
040 _aDLC
_cOClU
_dOCoLC
_dDLC
043 _an-usp--
050 0 0 _aQE75
_b.P9 no. 279
051 _aQE690
_b.H8
100 1 _aHunt, Charles B.
_q(Charles Butler),
_d1906-1997.
245 1 0 _aCenozoic geology of the Colorado plateau.
260 _aWashington,
_bU.S. Govt. Print. Off.,
_c1956.
300 _aiv, 99 p.
_bmaps, diagrs.
_c29 cm.
410 2 0 _aGeological Survey (U.S.).
_tProfessional paper,
_v279
504 _aBibliography: p. 87-95.
650 0 _aGeology, Stratigraphic
_yCenozoic
650 0 _aGeology
_zColorado Plateau.
999 _c29050
_d29050